Lisímaco Chavarría, antología, poesía, narrativa y ensayo /

Uloženo v:
Podrobná bibliografie
Hlavní autor: Chavarría Palma, Lisímaco 1878-1913
Další autoři: Rodríguez Cascante, Francisco Alberto (Editor)
Médium: Kniha
Jazyk:Spanish
Vydáno: San José, Costa Rica : Editorial Costa Rica : Editorial de la Universidad de Costa Rica, 2014.
Vydání:1. edición
Témata:
Tagy: Přidat tag
Žádné tagy, Buďte první, kdo vytvoří štítek k tomuto záznamu!

MARC

LEADER 00000nam a22000007a 4500
008 141128s2014 cr |r|||| 011 0bspa d
020 |a 9789968684842 
040 |a CRU CIICLA 
082 |a CR861.4  |b Ch512L 
100 1 |a Chavarría Palma, Lisímaco  |d 1878-1913 
245 1 0 |a Lisímaco Chavarría, antología, poesía, narrativa y ensayo /  |c Lísimaco Chavarría ; edición de Francisco Rodríguez Cascante. 
250 |a 1. edición 
260 |a San José, Costa Rica :  |b Editorial Costa Rica : Editorial de la Universidad de Costa Rica,  |c 2014. 
300 |a 303 páginas 
650 7 |9 76  |a LITERATURA COSTARRICENSE  |v POESIA 
700 1 2 |a Rodríguez Cascante, Francisco Alberto  |e editor  |9 86 
942 |2 ddc  |c BK 
999 |c 3622  |d 3622